[Event "DVM U16w 2021"]
[Site "Berlin GER"]
[Date "2022.05.01"]
[Round "3"]
[White "Hergenröder, Cora"]
[Black "Haug, Mara"]
[Result "0-1"]
[Termination "normal"]
[Board "3.2"]
[WhiteElo "1437"]
[BlackElo "1394"]
[WhiteClock "00:04:54"]
[BlackClock "00:23:49"]
[WhiteTeam "ATSV Oberkotzau"]
[BlackTeam "Karlsruher SF 1853"]
[PlyCount "58"]
[WhiteFideId "34603700"]
[BlackFideId "16259300"]
[EventCountry "GER"]
[EventRounds "7"]
[EventType "team-swiss"]
[EventDate "2022.04.29"]

1. d4 {[%clk 1:30:59]} d5 {[%clk 1:30:53]} 2. c4 {[%clk 1:31:24]} e6 {[%clk
1:31:18]} 3. cxd5 {[%clk 1:31:47]} exd5 {[%clk 1:31:43]} 4. Nc3 {[%clk
1:32:06]} Nf6 {[%clk 1:31:06]} 5. a3 {[%clk 1:31:19]} Bf5 {[%clk 1:26:45]} 6.
Bf4 {[%clk 1:30:22]} Bd6 {[%clk 1:25:27]} 7. Bg5 {[%clk 1:27:07]} c6 {[%clk
1:23:53]} 8. Qb3 {[%clk 1:27:02]} b5 {[%clk 1:10:21]} 9. e3 {[%clk 1:25:01]}
Nbd7 {[%clk 1:08:05]} 10. Na2 {[%clk 1:12:47]} Qb6 {[%clk 1:01:02]} 11. Rc1
{[%clk 1:00:19]} O-O {[%clk 0:56:43]} 12. Nf3 {[%clk 0:57:32]} Rab8 {[%clk
0:52:20]} 13. Qc3 {[%clk 0:36:04]} Rfc8 {[%clk 0:51:16]} 14. b4 {[%clk
0:19:42]} Ne4 {[%clk 0:49:05]} 15. Qb2 {[%clk 0:18:57]} a5 {[%clk 0:45:47]} 16.
Nc3 {[%clk 0:18:01]} axb4 {[%clk 0:39:15]} 17. axb4 {[%clk 0:18:23]} Qb7 {[%clk
0:35:31]} 18. Nxe4 {[%clk 0:17:29]} Bxe4 {[%clk 0:35:51]} 19. Nd2 {[%clk
0:17:00]} Bg6 {[%clk 0:34:23]} 20. Be2 {[%clk 0:11:28]} Nb6 {[%clk 0:32:51]}
21. Qc3 {[%clk 0:10:04]} Nc4 {[%clk 0:31:57]} 22. Nb3 {[%clk 0:09:30]} Ra8
{[%clk 0:29:21]} 23. Nc5 {[%clk 0:09:12]} Qa7 {[%clk 0:27:39]} 24. O-O {[%clk
0:08:30]} Qa3 {[%clk 0:26:51]} 25. Qxa3 {[%clk 0:08:00]} Rxa3 {[%clk 0:27:19]}
26. Ra1 {[%clk 0:06:42]} Rca8 {[%clk 0:27:23]} 27. Rxa3 {[%clk 0:07:07]} Rxa3
{[%clk 0:27:49]} 28. Bd8 {[%clk 0:04:53]} Bf5 {[%clk 0:25:02]} 29. h3 {[%clk
0:04:54]} Ra2 {[%clk 0:23:49]} *

[Event "DVM U16w 2021"]
[Site "Berlin GER"]
[Date "2022.05.01"]
[Round "3"]
[White "Kuran, Olivia"]
[Black "Leuchsenring, Delia"]
[Result "1-0"]
[Termination "normal"]
[Board "3.3"]
[WhiteElo "1080"]
[BlackElo "1115"]
[WhiteClock "00:12:33"]
[BlackClock "00:39:50"]
[WhiteTeam "Karlsruher SF 1853"]
[BlackTeam "ATSV Oberkotzau"]
[PlyCount "95"]
[WhiteFideId "16279670"]
[BlackFideId "34605304"]
[EventCountry "GER"]
[EventRounds "7"]
[EventType "team-swiss"]
[EventDate "2022.04.29"]

1. e4 {[%clk 1:30:58]} e5 {[%clk 1:30:55]} 2. Nf3 {[%clk 1:31:22]} Nf6 {[%clk
1:31:19]} 3. d4 {[%clk 1:31:39]} exd4 {[%clk 1:30:10]} 4. Qxd4 {[%clk 1:31:41]}
Nc6 {[%clk 1:30:22]} 5. Qe3 {[%clk 1:29:04]} d6 {[%clk 1:27:13]} 6. Bd3 {[%clk
1:24:23]} Ne5 {[%clk 1:24:43]} 7. O-O {[%clk 1:19:34]} Be7 {[%clk 1:22:30]} 8.
Nxe5 {[%clk 1:14:41]} dxe5 {[%clk 1:22:49]} 9. Nd2 {[%clk 1:10:29]} O-O {[%clk
1:22:21]} 10. h3 {[%clk 1:08:26]} h6 {[%clk 1:17:11]} 11. Nf3 {[%clk 1:06:07]}
Qd6 {[%clk 1:15:40]} 12. Bd2 {[%clk 1:02:17]} Nh7 {[%clk 1:08:19]} 13. Bc3
{[%clk 0:59:34]} Bg5 {[%clk 1:07:07]} 14. Bxe5 {[%clk 0:54:33]} Qg6 {[%clk
1:03:39]} 15. Nxg5 {[%clk 0:52:06]} Nxg5 {[%clk 1:03:35]} 16. Kh1 {[%clk
0:46:03]} c6 {[%clk 0:58:07]} 17. Bf4 {[%clk 0:37:03]} Qf6 {[%clk 0:56:29]} 18.
e5 {[%clk 0:33:41]} Qe7 {[%clk 0:54:40]} 19. Bxg5 {[%clk 0:31:17]} hxg5 {[%clk
0:53:46]} 20. Qg3 {[%clk 0:29:06]} Bd7 {[%clk 0:49:21]} 21. f4 {[%clk 0:25:15]}
gxf4 {[%clk 0:45:32]} 22. Qxf4 {[%clk 0:20:23]} Rae8 {[%clk 0:43:56]} 23. Rae1
{[%clk 0:19:01]} Qe6 {[%clk 0:42:59]} 24. Qf5 {[%clk 0:17:56]} Qxf5 {[%clk
0:42:21]} 25. Bxf5 {[%clk 0:18:11]} Bxf5 {[%clk 0:42:20]} 26. Rxf5 {[%clk
0:18:26]} g6 {[%clk 0:42:24]} 27. Rf6 {[%clk 0:16:36]} Re7 {[%clk 0:41:46]} 28.
e6 {[%clk 0:15:48]} Kg7 {[%clk 0:41:45]} 29. Rf4 {[%clk 0:12:04]} Rxe6 {[%clk
0:39:14]} 30. Rxe6 {[%clk 0:12:13]} fxe6 {[%clk 0:39:35]} 31. Rxf8 {[%clk
0:12:24]} Kxf8 {[%clk 0:39:54]} 32. Kg1 {[%clk 0:12:42]} Kf7 {[%clk 0:40:16]}
33. Kf2 {[%clk 0:12:53]} Kf6 {[%clk 0:40:23]} 34. Kf3 {[%clk 0:13:01]} Kf5
{[%clk 0:40:28]} 35. g4+ {[%clk 0:11:59]} Ke5 {[%clk 0:37:57]} 36. h4 {[%clk
0:12:09]} Kd4 {[%clk 0:38:10]} 37. h5 {[%clk 0:12:27]} e5 {[%clk 0:37:59]} 38.
hxg6 {[%clk 0:12:18]} e4+ {[%clk 0:38:11]} 39. Ke2 {[%clk 0:12:42]} b5 {[%clk
0:37:47]} 40. g7 {[%clk 0:13:05]} c5 {[%clk 0:38:07]} 41. g8=Q {[%clk 0:13:27]}
c4 {[%clk 0:38:30]} 42. c3+ {[%clk 0:13:04]} Kc5 {[%clk 0:38:49]} 43. Ke3
{[%clk 0:12:05]} b4 {[%clk 0:39:01]} 44. cxb4+ {[%clk 0:12:04]} Kxb4 {[%clk
0:39:15]} 45. Kd4 {[%clk 0:11:58]} e3 {[%clk 0:39:19]} 46. Qxc4+ {[%clk
0:12:13]} Ka5 {[%clk 0:39:41]} 47. Kc5 {[%clk 0:12:15]} a6 {[%clk 0:39:50]} 48.
Qb4# {[%clk 0:12:33]} 1-0

[Event "DVM U16w 2021"]
[Site "Berlin GER"]
[Date "2022.05.01"]
[Round "3"]
[White "Köppel, Clementine"]
[Black "Gietzelt, Magdalena"]
[Result "1-0"]
[Termination "normal"]
[Board "3.4"]
[WhiteElo "1178"]
[BlackElo "1014"]
[WhiteClock "00:33:53"]
[BlackClock "00:44:37"]
[WhiteTeam "ATSV Oberkotzau"]
[BlackTeam "Karlsruher SF 1853"]
[PlyCount "101"]
[WhiteFideId "34605819"]
[BlackFideId "16298403"]
[EventCountry "GER"]
[EventRounds "7"]
[EventType "team-swiss"]
[EventDate "2022.04.29"]

1. e4 {[%clk 1:30:58]} e5 {[%clk 1:30:54]} 2. Nf3 {[%clk 1:31:22]} Nc6 {[%clk
1:31:18]} 3. d4 {[%clk 1:31:42]} exd4 {[%clk 1:31:32]} 4. Nxd4 {[%clk 1:32:05]}
Bc5 {[%clk 1:31:28]} 5. Nxc6 {[%clk 1:31:38]} Qf6 {[%clk 1:31:28]} 6. Be3
{[%clk 1:28:13]} Qxc6 {[%clk 1:30:45]} 7. Bxc5 {[%clk 1:27:05]} Qxc5 {[%clk
1:30:28]} 8. Nc3 {[%clk 1:26:09]} Nf6 {[%clk 1:30:29]} 9. Bd3 {[%clk 1:22:16]}
d5 {[%clk 1:28:09]} 10. e5 {[%clk 1:19:54]} Ng4 {[%clk 1:28:02]} 11. O-O {[%clk
1:17:44]} d4 {[%clk 1:28:01]} 12. Nb5 {[%clk 1:08:07]} Qxe5 {[%clk 1:28:14]}
13. Re1 {[%clk 1:04:36]} Ne3 {[%clk 1:27:37]} 14. fxe3 {[%clk 1:04:09]} dxe3
{[%clk 1:27:19]} 15. Qf3 {[%clk 1:02:45]} O-O {[%clk 1:25:59]} 16. Qxe3 {[%clk
1:01:58]} Qxe3+ {[%clk 1:25:43]} 17. Rxe3 {[%clk 1:02:21]} Bg4 {[%clk 1:20:13]}
18. Nxc7 {[%clk 0:59:30]} Rac8 {[%clk 1:18:54]} 19. Nb5 {[%clk 0:57:45]} a6
{[%clk 1:18:42]} 20. Nd6 {[%clk 0:56:02]} Rc7 {[%clk 1:17:00]} 21. Rae1 {[%clk
0:54:56]} Bd7 {[%clk 1:15:09]} 22. Bf5 {[%clk 0:53:47]} h6 {[%clk 1:12:50]} 23.
Re7 {[%clk 0:49:37]} Rd8 {[%clk 0:56:15]} 24. Nxf7 {[%clk 0:41:17]} Re8 {[%clk
0:50:44]} 25. Bxd7 {[%clk 0:39:02]} Rxe7 {[%clk 0:49:54]} 26. Rxe7 {[%clk
0:39:25]} Kf8 {[%clk 0:50:06]} 27. Re2 {[%clk 0:36:15]} Rxd7 {[%clk 0:49:02]}
28. Ne5 {[%clk 0:36:28]} Rd1+ {[%clk 0:47:57]} 29. Kf2 {[%clk 0:35:47]} Rd6
{[%clk 0:47:38]} 30. Nd3 {[%clk 0:34:53]} Rf6+ {[%clk 0:46:51]} 31. Kg3 {[%clk
0:33:40]} g5 {[%clk 0:45:07]} 32. Rf2 {[%clk 0:33:29]} Kf7 {[%clk 0:43:59]} 33.
Rxf6+ {[%clk 0:32:07]} Kxf6 {[%clk 0:44:09]} 34. Kf3 {[%clk 0:32:16]} Kf5
{[%clk 0:44:10]} 35. g4+ {[%clk 0:32:04]} Kf6 {[%clk 0:44:18]} 36. c4 {[%clk
0:31:31]} Ke6 {[%clk 0:43:33]} 37. Nc5+ {[%clk 0:31:18]} Kd6 {[%clk 0:43:22]}
38. Nxb7+ {[%clk 0:31:15]} Kc6 {[%clk 0:43:27]} 39. Na5+ {[%clk 0:31:31]} Kb6
{[%clk 0:43:00]} 40. b4 {[%clk 0:31:28]} Ka7 {[%clk 0:43:10]} 41. Ke4 {[%clk
0:31:44]} Kb8 {[%clk 0:42:52]} 42. Kd5 {[%clk 0:32:07]} Kc7 {[%clk 0:42:57]}
43. c5 {[%clk 0:32:08]} Kd7 {[%clk 0:43:05]} 44. c6+ {[%clk 0:32:18]} Kc8
{[%clk 0:42:48]} 45. Kd6 {[%clk 0:32:12]} Kd8 {[%clk 0:42:57]} 46. c7+ {[%clk
0:32:13]} Kc8 {[%clk 0:43:12]} 47. Kc6 {[%clk 0:32:22]} h5 {[%clk 0:43:32]} 48.
gxh5 {[%clk 0:32:44]} g4 {[%clk 0:43:55]} 49. h6 {[%clk 0:33:08]} g3 {[%clk
0:44:21]} 50. h7 {[%clk 0:33:31]} gxh2 {[%clk 0:44:37]} 51. h8=Q# {[%clk
0:33:53]} 1-0

[Event "DVM U16w 2021"]
[Site "Berlin GER"]
[Date "2022.05.01"]
[Round "3"]
[White "Hubert, Charlotte"]
[Black "Alferova, Emily"]
[Result "1-0"]
[Termination "normal"]
[Board "4.1"]
[WhiteElo "1692"]
[BlackElo "1514"]
[WhiteClock "00:14:46"]
[BlackClock "00:10:39"]
[WhiteTeam "Hamburger SK von 1830 eV"]
[BlackTeam "SC Garching 1980 e.V."]
[PlyCount "51"]
[WhiteFideId "16265920"]
[BlackFideId "16265904"]
[EventCountry "GER"]
[EventRounds "7"]
[EventType "team-swiss"]
[EventDate "2022.04.29"]

1. e4 {[%clk 1:30:57]} e5 {[%clk 1:30:55]} 2. Nf3 {[%clk 1:31:18]} Nc6 {[%clk
1:31:21]} 3. Bb5 {[%clk 1:31:34]} a6 {[%clk 1:31:46]} 4. Ba4 {[%clk 1:31:56]}
d6 {[%clk 1:32:11]} 5. O-O {[%clk 1:32:17]} b5 {[%clk 1:32:37]} 6. Bb3 {[%clk
1:32:41]} Be7 {[%clk 1:32:48]} 7. Re1 {[%clk 1:32:34]} Nf6 {[%clk 1:33:09]} 8.
a4 {[%clk 1:32:34]} Bg4 {[%clk 1:32:00]} 9. c3 {[%clk 1:30:44]} O-O {[%clk
1:26:44]} 10. h3 {[%clk 1:27:39]} Bh5 {[%clk 1:23:41]} 11. d3 {[%clk 1:24:04]}
h6 {[%clk 1:16:09]} 12. Nbd2 {[%clk 1:18:00]} Na5 {[%clk 1:11:23]} 13. Bc2
{[%clk 1:17:25]} Nc6 {[%clk 1:01:39]} 14. Nf1 {[%clk 1:14:07]} Nh7 {[%clk
0:53:50]} 15. Ng3 {[%clk 0:47:15]} Bg6 {[%clk 0:53:20]} 16. d4 {[%clk 0:43:59]}
exd4 {[%clk 0:47:27]} 17. cxd4 {[%clk 0:40:13]} Ng5 {[%clk 0:44:01]} 18. Be3
{[%clk 0:34:30]} Nxf3+ {[%clk 0:35:21]} 19. Qxf3 {[%clk 0:34:31]} Bf6 {[%clk
0:33:50]} 20. e5 {[%clk 0:26:48]} Nb4 {[%clk 0:23:01]} 21. Bxg6 {[%clk
0:24:35]} fxg6 {[%clk 0:23:25]} 22. Bd2 {[%clk 0:16:12]} Nc2 {[%clk 0:10:17]}
23. Qb3+ {[%clk 0:16:14]} Kh7 {[%clk 0:10:38]} 24. Qxc2 {[%clk 0:16:32]} dxe5
{[%clk 0:10:59]} 25. dxe5 {[%clk 0:16:13]} Bh4 {[%clk 0:10:39]} 26. Re3 {[%clk
0:14:46]} *

[Event "DVM U16w 2021"]
[Site "Berlin GER"]
[Date "2022.05.01"]
[Round "3"]
[White "Frowein, Katja"]
[Black "Wu, Yvonne Yihan"]
[Result "0-1"]
[Termination "normal"]
[Board "4.2"]
[WhiteElo "1385"]
[BlackElo "1263"]
[WhiteClock "00:07:11"]
[BlackClock "00:10:59"]
[WhiteTeam "SC Garching 1980 e.V."]
[BlackTeam "Hamburger SK von 1830 eV"]
[PlyCount "37"]
[WhiteFideId "16282949"]
[BlackFideId "16298330"]
[EventCountry "GER"]
[EventRounds "7"]
[EventType "team-swiss"]
[EventDate "2022.04.29"]

1. c4 {[%clk 1:30:59]} Nf6 {[%clk 1:30:45]} 2. Nf3 {[%clk 1:31:24]} g6 {[%clk
1:30:08]} 3. d4 {[%clk 1:31:47]} d6 {[%clk 1:29:17]} 4. g3 {[%clk 1:31:34]} Bg7
{[%clk 1:27:09]} 5. Nc3 {[%clk 1:31:40]} O-O {[%clk 1:26:15]} 6. Bg2 {[%clk
1:32:00]} Nbd7 {[%clk 1:26:01]} 7. O-O {[%clk 1:32:22]} c6 {[%clk 1:22:34]} 8.
h3 {[%clk 1:32:36]} Qc7 {[%clk 1:15:33]} 9. e4 {[%clk 1:30:54]} e5 {[%clk
1:07:37]} 10. Re1 {[%clk 1:29:24]} Re8 {[%clk 1:02:15]} 11. Rb1 {[%clk
1:09:01]} Nb6 {[%clk 0:48:06]} 12. b3 {[%clk 0:53:16]} Nfd7 {[%clk 0:39:21]}
13. a4 {[%clk 0:47:02]} a5 {[%clk 0:38:55]} 14. d5 {[%clk 0:29:01]} Nc5 {[%clk
0:33:56]} 15. Nh2 {[%clk 0:20:23]} Bd7 {[%clk 0:23:44]} 16. Ne2 {[%clk
0:11:57]} f5 {[%clk 0:21:05]} 17. f4 {[%clk 0:08:08]} exf4 {[%clk 0:13:24]} 18.
dxc6 {[%clk 0:07:09]} Bxc6 {[%clk 0:10:59]} 19. Bxf4 {[%clk 0:07:11]} *

[Event "DVM U16w 2021"]
[Site "Berlin GER"]
[Date "2022.05.01"]
[Round "3"]
[White "Modali, Nikhilamrutha"]
[Black "Muhina, Alina"]
[Result "1-0"]
[Termination "normal"]
[Board "4.3"]
[WhiteElo "1262"]
[BlackElo "1153"]
[WhiteClock "00:07:25"]
[BlackClock "00:21:28"]
[WhiteTeam "Hamburger SK von 1830 eV"]
[BlackTeam "SC Garching 1980 e.V."]
[PlyCount "51"]
[WhiteFideId "16282370"]
[BlackFideId "16298322"]
[EventCountry "GER"]
[EventRounds "7"]
[EventType "team-swiss"]
[EventDate "2022.04.29"]

1. e4 {[%clk 1:30:58]} c6 {[%clk 1:30:56]} 2. Nc3 {[%clk 1:31:21]} d5 {[%clk
1:31:17]} 3. Nf3 {[%clk 1:31:29]} dxe4 {[%clk 1:31:41]} 4. Nxe4 {[%clk
1:31:53]} Nf6 {[%clk 1:32:07]} 5. Qe2 {[%clk 1:24:29]} Qc7 {[%clk 1:31:46]} 6.
Nxf6+ {[%clk 1:23:01]} gxf6 {[%clk 1:32:10]} 7. d4 {[%clk 1:21:36]} Bf5 {[%clk
1:32:11]} 8. g3 {[%clk 1:13:43]} e6 {[%clk 1:29:43]} 9. Nh4 {[%clk 1:05:01]}
Bg6 {[%clk 1:28:36]} 10. Bh3 {[%clk 0:58:56]} Na6 {[%clk 1:25:21]} 11. O-O
{[%clk 0:50:17]} O-O-O {[%clk 1:25:18]} 12. c3 {[%clk 0:48:55]} Be7 {[%clk
1:16:24]} 13. Bf4 {[%clk 0:39:29]} Bd6 {[%clk 1:13:18]} 14. Bxd6 {[%clk
0:36:30]} Qxd6 {[%clk 1:13:14]} 15. Qf3 {[%clk 0:31:20]} f5 {[%clk 1:11:26]}
16. Bg2 {[%clk 0:28:42]} Nc7 {[%clk 1:09:14]} 17. a4 {[%clk 0:26:33]} f4 {[%clk
1:06:44]} 18. Nxg6 {[%clk 0:23:44]} hxg6 {[%clk 1:06:40]} 19. b4 {[%clk
0:22:27]} fxg3 {[%clk 1:04:20]} 20. fxg3 {[%clk 0:22:11]} Nd5 {[%clk 0:53:05]}
21. b5 {[%clk 0:18:55]} Rdf8 {[%clk 0:39:05]} 22. bxc6 {[%clk 0:10:06]} Qxc6
{[%clk 0:34:44]} 23. c4 {[%clk 0:09:57]} Ne7 {[%clk 0:34:40]} 24. d5 {[%clk
0:09:35]} Qb6+ {[%clk 0:34:14]} 25. Kh1 {[%clk 0:09:39]} Qb2 {[%clk 0:21:28]}
26. h3 {[%clk 0:07:25]} *

[Event "DVM U16w 2021"]
[Site "Berlin GER"]
[Date "2022.05.01"]
[Round "3"]
[White "Muhina, Liana"]
[Black "Einacker, Anika"]
[Result "1/2-1/2"]
[Termination "normal"]
[Board "4.4"]
[WhiteElo "1185"]
[BlackElo "1187"]
[WhiteClock "00:11:38"]
[BlackClock "00:18:17"]
[WhiteTeam "SC Garching 1980 e.V."]
[BlackTeam "Hamburger SK von 1830 eV"]
[PlyCount "60"]
[WhiteFideId "16266145"]
[BlackFideId "34620591"]
[EventCountry "GER"]
[EventRounds "7"]
[EventType "team-swiss"]
[EventDate "2022.04.29"]

1. e4 {[%clk 1:30:56]} c5 {[%clk 1:30:53]} 2. Nc3 {[%clk 1:31:15]} e6 {[%clk
1:31:12]} 3. Nf3 {[%clk 1:31:34]} Nc6 {[%clk 1:31:28]} 4. d4 {[%clk 1:31:50]}
cxd4 {[%clk 1:31:31]} 5. Nxd4 {[%clk 1:32:06]} Nf6 {[%clk 1:31:17]} 6. Nxc6
{[%clk 1:32:13]} bxc6 {[%clk 1:31:13]} 7. e5 {[%clk 1:32:17]} Nd5 {[%clk
1:30:55]} 8. Ne4 {[%clk 1:31:34]} h6 {[%clk 1:21:07]} 9. Bd3 {[%clk 1:26:44]}
d6 {[%clk 1:05:32]} 10. exd6 {[%clk 1:12:35]} Bxd6 {[%clk 1:04:56]} 11. O-O
{[%clk 1:11:03]} Bf4 {[%clk 0:59:28]} 12. Be2 {[%clk 1:06:34]} O-O {[%clk
0:54:45]} 13. Bxf4 {[%clk 0:56:39]} Nxf4 {[%clk 0:54:41]} 14. Bf3 {[%clk
0:56:30]} Rb8 {[%clk 0:47:53]} 15. Qxd8 {[%clk 0:52:33]} Rxd8 {[%clk 0:48:03]}
16. Rad1 {[%clk 0:52:47]} Bb7 {[%clk 0:43:28]} 17. Nc5 {[%clk 0:50:12]} Ba8
{[%clk 0:38:50]} 18. Nd7 {[%clk 0:44:07]} Rbc8 {[%clk 0:38:15]} 19. Ne5 {[%clk
0:43:15]} c5 {[%clk 0:37:12]} 20. Bxa8 {[%clk 0:41:21]} Rxa8 {[%clk 0:33:11]}
21. Rd7 {[%clk 0:40:39]} Rxd7 {[%clk 0:31:24]} 22. Nxd7 {[%clk 0:40:51]} Rd8
{[%clk 0:29:52]} 23. Nxc5 {[%clk 0:32:14]} Rd2 {[%clk 0:26:33]} 24. Na4 {[%clk
0:27:07]} Rxc2 {[%clk 0:25:44]} 25. g3 {[%clk 0:26:24]} Nd3 {[%clk 0:25:05]}
26. Rd1 {[%clk 0:18:55]} Nxb2 {[%clk 0:21:11]} 27. Nxb2 {[%clk 0:19:02]} Rxb2
{[%clk 0:21:32]} 28. Ra1 {[%clk 0:16:43]} f6 {[%clk 0:18:48]} 29. Kg2 {[%clk
0:15:17]} Kf7 {[%clk 0:18:44]} 30. h3 {[%clk 0:11:38]} e5 {[%clk 0:18:17]} *

[Event "DVM U16w 2021"]
[Site "Berlin GER"]
[Date "2022.05.01"]
[Round "3"]
[White "Werner, Rosalie"]
[Black "Pikki, Daria"]
[Result "1-0"]
[Termination "normal"]
[Board "5.1"]
[WhiteElo "1712"]
[BlackElo "1523"]
[WhiteClock "00:10:00"]
[BlackClock "00:20:15"]
[WhiteTeam "VSG 1880 Offenbach"]
[BlackTeam "SV Königsjäger Süd-West e.V."]
[PlyCount "62"]
[WhiteFideId "16223748"]
[BlackFideId "16281306"]
[EventCountry "GER"]
[EventRounds "7"]
[EventType "team-swiss"]
[EventDate "2022.04.29"]

1. e4 {[%clk 1:30:58]} e5 {[%clk 1:30:56]} 2. Nf3 {[%clk 1:31:24]} Nc6 {[%clk
1:31:21]} 3. Bc4 {[%clk 1:31:47]} Bc5 {[%clk 1:31:46]} 4. c3 {[%clk 1:32:13]}
Nf6 {[%clk 1:32:11]} 5. d3 {[%clk 1:32:27]} d6 {[%clk 1:32:32]} 6. h3 {[%clk
1:32:50]} h6 {[%clk 1:32:52]} 7. Nbd2 {[%clk 1:32:47]} a6 {[%clk 1:33:10]} 8.
Bb3 {[%clk 1:33:11]} Ba7 {[%clk 1:33:23]} 9. Nf1 {[%clk 1:32:18]} O-O {[%clk
1:32:28]} 10. Ng3 {[%clk 1:31:50]} d5 {[%clk 1:31:35]} 11. Qe2 {[%clk 1:30:08]}
Re8 {[%clk 1:30:23]} 12. O-O {[%clk 1:29:41]} Be6 {[%clk 1:25:51]} 13. Rd1
{[%clk 1:22:19]} Qe7 {[%clk 1:18:24]} 14. Re1 {[%clk 0:54:58]} Rad8 {[%clk
1:15:35]} 15. exd5 {[%clk 0:49:21]} Bxd5 {[%clk 1:15:44]} 16. Bc2 {[%clk
0:48:10]} Qe6 {[%clk 1:10:01]} 17. Nd2 {[%clk 0:45:43]} Nh7 {[%clk 1:01:52]}
18. Qh5 {[%clk 0:42:07]} Nf6 {[%clk 0:56:37]} 19. Qh4 {[%clk 0:41:28]} Qe7
{[%clk 0:55:25]} 20. Nf5 {[%clk 0:31:33]} Qe6 {[%clk 0:39:43]} 21. d4 {[%clk
0:30:23]} e4 {[%clk 0:37:44]} 22. Ne3 {[%clk 0:29:17]} b5 {[%clk 0:34:09]} 23.
Nxd5 {[%clk 0:25:06]} Qxd5 {[%clk 0:33:23]} 24. Nxe4 {[%clk 0:23:31]} Nxe4
{[%clk 0:32:32]} 25. Rxe4 {[%clk 0:23:07]} Qd6 {[%clk 0:31:17]} 26. Qf4 {[%clk
0:20:22]} Qd5 {[%clk 0:26:05]} 27. Be3 {[%clk 0:16:52]} Bb6 {[%clk 0:23:52]}
28. Rxe8+ {[%clk 0:14:29]} Rxe8 {[%clk 0:24:07]} 29. Qf5 {[%clk 0:14:12]} Qxf5
{[%clk 0:22:51]} 30. Bxf5 {[%clk 0:14:37]} Rd8 {[%clk 0:22:01]} 31. b4 {[%clk
0:10:00]} Ne7 {[%clk 0:20:15]} *

[Event "DVM U16w 2021"]
[Site "Berlin GER"]
[Date "2022.05.01"]
[Round "3"]
[White "Sohr, Luna"]
[Black "Neininger, Sarah"]
[Result "1/2-1/2"]
[Termination "normal"]
[Board "5.2"]
[WhiteElo "1335"]
[BlackElo "1404"]
[WhiteClock "00:18:01"]
[BlackClock "00:13:06"]
[WhiteTeam "SV Königsjäger Süd-West e.V."]
[BlackTeam "VSG 1880 Offenbach"]
[PlyCount "48"]
[WhiteFideId "16251261"]
[BlackFideId "16287410"]
[EventCountry "GER"]
[EventRounds "7"]
[EventType "team-swiss"]
[EventDate "2022.04.29"]

1. d4 {[%clk 1:30:57]} d5 {[%clk 1:30:55]} 2. c4 {[%clk 1:31:22]} dxc4 {[%clk
1:31:20]} 3. Nf3 {[%clk 1:31:40]} Nf6 {[%clk 1:31:41]} 4. e3 {[%clk 1:31:52]}
e6 {[%clk 1:31:58]} 5. Bxc4 {[%clk 1:31:40]} a6 {[%clk 1:32:15]} 6. O-O {[%clk
1:29:47]} c5 {[%clk 1:31:18]} 7. b3 {[%clk 1:18:07]} Nc6 {[%clk 1:28:09]} 8.
Bb2 {[%clk 1:15:34]} Be7 {[%clk 1:11:28]} 9. Nbd2 {[%clk 1:06:29]} O-O {[%clk
1:04:01]} 10. a3 {[%clk 1:01:28]} b5 {[%clk 0:59:35]} 11. Be2 {[%clk 1:00:40]}
Bb7 {[%clk 0:55:58]} 12. Rc1 {[%clk 0:53:03]} cxd4 {[%clk 0:55:25]} 13. Nxd4
{[%clk 0:50:31]} Nxd4 {[%clk 0:55:43]} 14. exd4 {[%clk 0:50:13]} Bd5 {[%clk
0:48:04]} 15. Bf3 {[%clk 0:46:05]} Qd7 {[%clk 0:41:37]} 16. Qe2 {[%clk
0:38:44]} Rac8 {[%clk 0:36:32]} 17. b4 {[%clk 0:35:34]} Rc7 {[%clk 0:30:52]}
18. Rxc7 {[%clk 0:27:26]} Qxc7 {[%clk 0:31:15]} 19. Bxd5 {[%clk 0:26:38]} Nxd5
{[%clk 0:31:27]} 20. Rc1 {[%clk 0:25:49]} Qd7 {[%clk 0:31:20]} 21. Ne4 {[%clk
0:24:45]} h6 {[%clk 0:22:45]} 22. Nc5 {[%clk 0:23:03]} Qd6 {[%clk 0:20:36]} 23.
Qe5 {[%clk 0:20:12]} Rd8 {[%clk 0:15:55]} 24. Qe4 {[%clk 0:18:01]} Qf4 {[%clk
0:13:06]} *

[Event "DVM U16w 2021"]
[Site "Berlin GER"]
[Date "2022.05.01"]
[Round "3"]
[White "Wagner, Lea"]
[Black "Schmidt, Luise"]
[Result "0-1"]
[Termination "normal"]
[Board "5.3"]
[WhiteElo "757"]
[BlackElo "1420"]
[WhiteClock "00:13:07"]
[BlackClock "00:19:21"]
[WhiteTeam "VSG 1880 Offenbach"]
[BlackTeam "SV Königsjäger Süd-West e.V."]
[PlyCount "65"]
[WhiteFideId "34620680"]
[BlackFideId "16294475"]
[EventCountry "GER"]
[EventRounds "7"]
[EventType "team-swiss"]
[EventDate "2022.04.29"]

1. e4 {[%clk 1:30:57]} e5 {[%clk 1:30:57]} 2. Nf3 {[%clk 1:31:20]} Nc6 {[%clk
1:31:22]} 3. Bc4 {[%clk 1:31:43]} Bc5 {[%clk 1:31:45]} 4. c3 {[%clk 1:32:04]}
Nf6 {[%clk 1:31:55]} 5. d4 {[%clk 1:31:39]} exd4 {[%clk 1:31:48]} 6. e5 {[%clk
1:31:29]} d5 {[%clk 1:31:43]} 7. cxd4 {[%clk 1:27:18]} dxc4 {[%clk 1:29:15]} 8.
dxc5 {[%clk 1:21:31]} Qxd1+ {[%clk 1:29:20]} 9. Kxd1 {[%clk 1:21:51]} Ne4
{[%clk 1:22:08]} 10. Be3 {[%clk 1:20:49]} O-O {[%clk 1:20:15]} 11. Re1 {[%clk
1:19:43]} Rd8+ {[%clk 1:09:57]} 12. Ke2 {[%clk 1:13:25]} Be6 {[%clk 0:59:02]}
13. Nc3 {[%clk 1:07:20]} Nxc3+ {[%clk 0:58:22]} 14. bxc3 {[%clk 1:07:35]} Bg4
{[%clk 0:55:44]} 15. Rab1 {[%clk 0:59:36]} b6 {[%clk 0:54:55]} 16. Kf1 {[%clk
0:57:12]} Bxf3 {[%clk 0:54:51]} 17. gxf3 {[%clk 0:56:55]} Nxe5 {[%clk 0:54:39]}
18. f4 {[%clk 0:55:30]} Nd3 {[%clk 0:52:21]} 19. Re2 {[%clk 0:50:21]} h6 {[%clk
0:51:23]} 20. cxb6 {[%clk 0:49:38]} cxb6 {[%clk 0:51:41]} 21. Rb5 {[%clk
0:46:16]} Rd7 {[%clk 0:48:45]} 22. f3 {[%clk 0:42:46]} Re8 {[%clk 0:46:53]} 23.
Bd2 {[%clk 0:40:56]} Red8 {[%clk 0:40:32]} 24. Rb1 {[%clk 0:35:13]} Nc5 {[%clk
0:37:56]} 25. Ke1 {[%clk 0:33:23]} Rd3 {[%clk 0:35:25]} 26. Rf2 {[%clk
0:28:57]} Na4 {[%clk 0:32:20]} 27. Rc1 {[%clk 0:27:38]} b5 {[%clk 0:29:58]} 28.
a3 {[%clk 0:26:41]} a6 {[%clk 0:29:36]} 29. h4 {[%clk 0:25:36]} R8d6 {[%clk
0:25:46]} 30. Kd1 {[%clk 0:17:50]} Nxc3+ {[%clk 0:22:27]} 31. Ke1 {[%clk
0:16:41]} Re6+ {[%clk 0:20:12]} 32. Kf1 {[%clk 0:15:26]} Nd5 {[%clk 0:19:21]}
33. Re1 {[%clk 0:13:07]} *